000 00923cam a2200241 i 4500
003 SA-RiAUC
005 20260317120735.0
008 260212s1912 ua g 00000 ara c
040 _aSA-RiAUC
_bara
_cSA-RiAUC
_erda
082 0 4 _a415.1
090 _aم ن 415.1
_bا ب ن ح
100 1 _aابن حسين، محمد علي
_eمؤلف.
245 1 0 _aتدريب الطلاب في قواعد الإعراب /
_cمحمد علي بن حسين.
264 1 _a[مكان النشر غير محدد] :
_b[الناشر غير محدد]،
_c1912
264 3 _aالقاهرة :
_bالمطبعة الحسينية
300 _a2 مجلد في 1 ؛
_c29 سم
336 _aنص
_btxt
_2rdacontent
_3كتاب
337 _aبدون وسيط
_bn
_2rdamedia
338 _aمجلد
_bnc
_2rdacarrier
650 7 _aاللغة العربية
_xنحو
_2aucsh
942 _2ddc
_cRBOOK COPY
_n0
949 _aSA-JeALM
_d260212
_umohamedma123
_n1
999 _c14657
_d14657